header

Samson Occom (Record no. 132985)

MARC details
000 -LEADER
fixed length control field 01597nam a2200385Ia 4500
082 04 - DEWEY DECIMAL CLASSIFICATION NUMBER
Classification number 974.004973092
100 1# - MAIN ENTRY--AUTHOR NAME
Personal name Occom, Samson,
245 10 - TITLE STATEMENT
Title Samson Occom
260 ## - PUBLICATION, DISTRIBUTION, ETC. (IMPRINT)
Place of publication Oxford :
Name of publisher Oxford University Press,
Year of publication 2006.
300 ## - PHYSICAL DESCRIPTION
Number of Pages 445 p.
650 #0 - SUBJECT ADDED ENTRY--TOPICAL TERM
Topical Term Mohegan Indians
Topical Term Indian civic leaders
Topical Term Indian religious leaders
Topical Term Preaching
Topical Term Indians of North America
Topical Term Indians of North America
700 1# - ADDED ENTRY--PERSONAL NAME
Personal name Brooks, Joanna,
856 40 - ELECTRONIC LOCATION AND ACCESS
Uniform Resource Identifier http://site.ebrary.com/lib/rucke/Doc?id=10160508

No items available.

© 2026 Rongo University
Contact us: librarian | system librarian | Rongo university